000 00925nmm a2200289 a 4500
001 ocm0002015450
003 TR-IsHL
005 20201028175620.0
008 181030s2018 tu tur
007 cr cn
020 _a9786059148580
035 _a2015450
_b(N$T)
050 0 4 _aPL76.9.M87
_bA9 2018
090 0 4 _aPL76.9.M87
_bA9 2018
100 1 _aMurtaza, Şerhan
245 1 0 _aAy ile Ayşe
_h[electronic resource] /
_cŞerhan Murtaza ; çeviren Malik Otarbayev
250 _a2. Baskı
260 _aAnkara :
_bBengü Yayınları,
_c2018
300 _a332 p.
650 4 _aDil ve Edebiyat
650 4 _aLanguage and Literature
650 0 _aKazak romanı
650 0 _aKazakh ficiton
650 7 _aLITERARY COLLECTIONS / Russian & Former Soviet Union
_2bisacsh
700 1 _aOtarbayev, Malik
856 4 0 _uhttp://search.ebscohost.com/login.aspx?direct=true&scope=site&db=e011xww&AN=2015450
999 _c18752
_d18752